Spinoza

محفوظ في:
التفاصيل البيبلوغرافية
المؤلف الرئيسي: Hampshire, Stuart (مؤلف)
التنسيق: كتاب
اللغة:الإنجليزية
منشور في: Londres Penguin Books 1953
الموضوعات:
الوسوم: إضافة وسم
لا توجد وسوم, كن أول من يضع وسما على هذه التسجيلة!

MARC

LEADER 00000nam a2200000 a 4500
001 UCX7359
003 CL-VaPUC
008 931206e19530000UK |||||||||||||||||eng|d
082 0 4 |a 147  |b HAM  |2 21 
100 |a Hampshire, Stuart  |e author  |9 393527 
245 1 0 |a Spinoza 
300 |a 237 p 
942 |c BK 
945 |d 19931206 00:00:00  |a aalvarez 
260 |a Londres  |b Penguin Books  |c 1953 
600 0 7 |a SPINOZA, BENEDICTUS DE  |2 CL-VaPUC  |9 319727 
650 0 |a Metafísica  |9 265649 
650 0 |a Ética  |9 255099 
583 |a last modification  |c 19931206 00:00:00  |k Rodrigo Vera 
999 |c 227194  |d 227192 
952 |0 0  |1 0  |4 0  |6 147_000000000000000_HAM_1953  |7 0  |8 P  |9 226051  |a BIBEDU  |b BIBEDU  |c BIBEDU_PB  |d 2019-11-15  |i 2945878  |o 147 HAM 1953  |p 2945878  |r 2024-01-25  |w 2019-11-15  |y BK  |k FIL